Comment peut on ne pas être français? / (Record no. 107814)

MARC details
000 -LEADER
campo de control de longitud fija 00414nam a2200145 4500
001 - NÚMERO DE CONTROL
campo de control 107814
003 - IDENTIFICADOR DE NÚMERO DE CONTROL
campo de control ES-MaACL
007 - CAMPO FIJO DE DESCRIPCIÓN FÍSICA--INFORMACIÓN GENERAL
campo de control de longitud fija t|
008 - DATOS DE LONGITUD FIJA--INFORMACIÓN GENERAL
campo de control de longitud fija 061121s1975 fr r ||||1| fre d
100 1# - ENTRADA PRINCIPAL--NOMBRE DE PERSONA
Nombre de persona Moulin, Jean-Pierre.
9 (RLIN) 83861
245 10 - MENCIÓN DEL TÍTULO
Título Comment peut on ne pas être français? /
Mención de responsabilidad, etc. Jean-Pierre Moulin.
260 ## - PUBLICACIÓN, DISTRIBUCIÓN, ETC.
Lugar de publicación, distribución, etc. [s.l] :
Nombre del editor, distribuidor, etc. J.C. Lattés,
Fecha de publicación, distribución, etc. 1975.
300 ## - DESCRIPCIÓN FÍSICA
Extensión 217 p. ;
Dimensiones 22 cm.
852 ## - LOCALIZACIÓN
Ubicación ES-MaACL
Número de control de estantería E-9498
Sublocalización o colección R.94219
Holdings
Estatus retirado Estado de pérdida Estado de daño No para préstamo Biblioteca de origen Biblioteca actual Ubicación en estantería Fecha de adquisición Fuente de adquisición Total de préstamos Signatura topográfica completa Código de barras Visto por última vez Precio de reemplazo Tipo de ítem Koha
        Biblioteca del Ateneo de Madrid Biblioteca del Ateneo de Madrid Depósito 2 17/01/2008     E-9498 1112518 23/02/2023 23/02/2023 Libro impreso